Sports Quiz

Random Sports or NHL Quiz

NHL Stanley Cup Finals Since 1980 Quiz Stats

 Plays Quiz Updated Jun 11, 2017

Challenge
Share
Tweet
Embed
Score 0/111 Timer 08:00
4 Plays Today
% Correct
Pittsburgh Penguins
97%
Pittsburgh Penguins
96.3%
Chicago Blackhawks
96.2%
Los Angeles Kings
95.6%
Washington Capitals
95.5%
Los Angeles Kings
95.3%
Boston Bruins
95.1%
Boston Bruins
95.1%
Chicago Blackhawks
95%
New York Rangers
94.7%
Vancouver Canucks
89.5%
New Jersey Devils
89.1%
Tampa Bay Lightning
88.9%
Chicago Blackhawks
88.6%
Chicago Blackhawks
88.6%
Pittsburgh Penguins
88.3%
Pittsburgh Penguins
88.3%
Pittsburgh Penguins
88.3%
Pittsburgh Penguins
88.3%
Detroit Red Wings
87.9%
Detroit Red Wings
87.9%
Detroit Red Wings
87.9%
Detroit Red Wings
87.9%
Detroit Red Wings
87.9%
Detroit Red Wings
87.9%
New York Rangers
87.5%
Los Angeles Kings
87.1%
Boston Bruins
86.8%
Boston Bruins
86.8%
Sidney Crosby
86.2%
Nashville Predators
86.1%
Edmonton Oilers
85.9%
Edmonton Oilers
85.9%
Edmonton Oilers
85.9%
Edmonton Oilers
85.9%
Edmonton Oilers
85.9%
Edmonton Oilers
85.9%
% Correct
Edmonton Oilers
85.9%
San Jose Sharks
85.7%
Montreal Canadiens
85%
Montreal Canadiens
85%
Montreal Canadiens
85%
Sidney Crosby
84.9%
Alex Ovechkin
84.7%
New York Islanders
84.6%
New York Islanders
84.6%
New York Islanders
84.6%
New York Islanders
84.6%
Vegas Golden Knights
84.5%
Dallas Stars
83%
Dallas Stars
83%
Philadelphia Flyers
83%
Philadelphia Flyers
83%
Philadelphia Flyers
83%
Philadelphia Flyers
83%
Minnesota North Stars
82.6%
New Jersey Devils
82.6%
New Jersey Devils
82.6%
New Jersey Devils
82.6%
New Jersey Devils
82.6%
Vancouver Canucks
82.5%
Vancouver Canucks
82.5%
Colorado Avalanche
82.4%
Colorado Avalanche
82.4%
Mighty Ducks of Anaheim
82.3%
Tampa Bay Lightning
82.1%
Minnesota North Stars
82%
Anaheim Ducks
81.8%
Calgary Flames
80.3%
Calgary Flames
80.3%
Calgary Flames
80.3%
Carolina Hurricanes
79.5%
Carolina Hurricanes
79.5%
Wayne Gretzky
74%
% Correct
Wayne Gretzky
74%
Ottawa Senators
72.1%
Florida Panthers
71.9%
Buffalo Sabres
70.8%
Patrick Kane
70%
Washington Capitals
69.1%
Mark Messier
61.6%
Jonathan Toews
60.1%
Mario Lemieux
59.5%
Mario Lemieux
59.5%
Claude Lemieux
58.7%
Patrick Roy
58.1%
Patrick Roy
58.1%
Patrick Roy
58.1%
Jonathan Quick
57.8%
Evgeni Malkin
56.6%
Duncan Keith
54.5%
Steve Yzerman
52.9%
Tim Thomas
52.2%
Joe Sakic
48.8%
Mike Bossy
44%
Nicklas Lidstrom
42.1%
Henrik Zetterberg
41.7%
Justin Williams
38.9%
Scott Stevens
38.7%
Cam Ward
38.7%
Brad Richards
35.7%
Billy Smith
35.3%
Jean-Sebastien Giguere
34.5%
Brian Leetch
34%
Scott Niedermayer
33.3%
Mike Vernon
26.8%
Joe Nieuwendyk
22.3%
Ron Hextall
22.1%
Al MacInnis
19.9%
Bill Ranford
19.1%
Butch Goring
15.1%

You're not logged in!

Compare scores with friends on all Sporcle quizzes.
Join for Free
OR
Log In

You Might Also Like...

Show Comments

Extras

Top Quizzes Today


Score Distribution

Your Account Isn't Verified!

In order to create a playlist on Sporcle, you need to verify the email address you used during registration. Go to your Sporcle Settings to finish the process.

Report this User

Report this user for behavior that violates our Community Guidelines.

Details: